[Event "Euro Online U2300 Day 2"]
[Site "chess.com INT"]
[Date "2020.05.26"]
[Round "4"]
[White "Ozenir, Ekin Baris"]
[Black "Mladek, Richard"]
[Result "0-1"]
[WhiteTitle "IM"]
[BlackTitle "FM"]
[WhiteElo "2309"]
[BlackElo "2280"]
[WhiteFideId "6357415"]
[BlackFideId "386588"]
[EventDate "2020.05.26"]

1. d4 Nf6 2. Bg5 Ne4 3. h4 d5 4. Nd2 Nxd2 5. Qxd2 f6 6. Bf4 c5 7. e3 Nc6 8. Nf3
Bg4 9. Be2 Qb6 10. c3 e6 11. O-O-O Rc8 12. Kb1 Be7 13. h5 O-O 14. Bd3 e5 15.
dxe5 fxe5 16. Nxe5 Nxe5 17. Bxe5 Bxd1 18. Rxd1 Bf6 19. Bg3 d4 20. cxd4 cxd4 21.
e4 Qc5 22. Rh1 Bg5 23. f4 Qe5 24. Rf1 Bh6 25. Rf3 Qxh5 26. a3 Qc5 27. Ka2 a5 28.
Qe2 a4 29. Bb5 Qc1 30. f5 Rc2 0-1

[Event "Euro Online U2300 Day 2"]
[Site "chess.com INT"]
[Date "2020.05.26"]
[Round "4"]
[White "Rogule, Laura"]
[Black "Berkovich, Mark A"]
[Result "1-0"]
[WhiteTitle "WGM"]
[BlackTitle "IM"]
[WhiteElo "2297"]
[BlackElo "2326"]
[WhiteFideId "11601876"]
[BlackFideId "2801639"]
[EventDate "2020.05.26"]

1. c4 e5 2. Nc3 Nf6 3. g3 c6 4. Nf3 e4 5. Nd4 Bb4 6. Bg2 Bxc3 7. dxc3 O-O 8. Bg5
Re8 9. Nf5 d5 10. Ne3 Be6 11. cxd5 cxd5 12. Bxf6 gxf6 13. Qd2 Na6 14. Rd1 Nc7
15. c4 dxc4 16. Qc3 Qe7 17. Bxe4 Nb5 18. Qa5 Nd6 19. Bg2 Nf5 20. Nxf5 Bxf5 21.
O-O Bg6 22. e4 b6 23. Qb5 Qe5 24. Rd5 Qe6 25. f3 Rac8 26. h4 a6 27. Qxa6 Qc6 28.
h5 Ra8 29. Qb5 1-0

[Event "Euro Online U2300 Day 2"]
[Site "chess.com INT"]
[Date "2020.05.26"]
[Round "4"]
[White "Prydun, Andriy"]
[Black "Godzwon, Iwo"]
[Result "0-1"]
[WhiteTitle "FM"]
[BlackTitle "FM"]
[WhiteElo "2254"]
[BlackElo "2347"]
[WhiteFideId "14145898"]
[BlackFideId "21802483"]
[EventDate "2020.05.26"]

1. d4 Nf6 2. Nc3 d5 3. Bf4 e6 4. Nb5 Na6 5. e3 c6 6. Nc3 Nc7 7. Nf3 Bd6 8. Bd3
O-O 9. O-O b6 10. Bxd6 Qxd6 11. e4 dxe4 12. Nxe4 Nxe4 13. Bxe4 Nd5 14. Ne5 Bb7
15. c3 Nf6 16. Bf3 Rad8 17. Qa4 a6 18. Rfe1 Rc8 19. Nd3 Qc7 20. b4 Nd7 21. Rab1
Rfe8 22. Qd1 Ba8 23. Qa4 c5 24. Bxa8 Rxa8 25. bxc5 bxc5 26. d5 Nb6 27. Qc6 Nxd5
28. Qxc7 Nxc7 29. Nxc5 Nd5 30. Ne4 Rec8 31. Rb3 Rc6 32. Reb1 g6 33. Rb8+ Rxb8
34. Rxb8+ Kg7 35. Rb3 f5 36. Ng5 h6 37. Nf3 Rxc3 38. Rb7+ Kf6 39. h4 Ra3 40. Rh7
Rxa2 41. Rxh6 Kg7 0-1

[Event "Euro Online U2300 Day 2"]
[Site "chess.com INT"]
[Date "2020.05.26"]
[Round "4"]
[White "Materia, Marco"]
[Black "Spitzl, Vinzent"]
[Result "1-0"]
[WhiteTitle "FM"]
[BlackTitle "FM"]
[WhiteElo "2269"]
[BlackElo "2346"]
[WhiteFideId "45150451"]
[BlackFideId "12901253"]
[EventDate "2020.05.26"]

1. d4 d5 2. c4 e6 3. Nc3 Bb4 4. Nf3 Nf6 5. Qa4+ Nc6 6. e3 O-O 7. Bd2 Re8 8. a3
Bf8 9. Rd1 h6 10. Be2 a6 11. O-O dxc4 12. Bxc4 e5 13. Qb3 Qd7 14. dxe5 Nxe5 15.
Nxe5 Rxe5 16. e4 b5 17. Be2 Qe6 18. Qxe6 Rxe6 19. f4 Bb7 20. e5 Bc5+ 21. Kh1 Ne4
22. Nxe4 Bxe4 23. Bc3 g6 24. Rd7 Bb6 25. Bf3 Bxf3 26. Rxf3 Rae8 27. g4 R6e7 28.
Rd2 c5 29. Rd6 Re6 30. Rd5 Rd8 31. Rxd8+ Bxd8 32. Rd3 Bc7 33. Rd7 Rc6 34. f5
gxf5 35. gxf5 b4 36. axb4 cxb4 37. Bd4 Bb6 38. Bxb6 Rxb6 39. f6 a5 40. Ra7 Rb5
41. Ra8+ Kh7 42. e6 fxe6 43. f7 Rf5 44. f8=Q Rxf8 45. Rxf8 Kg7 46. Ra8 Kf6 47.
Rxa5 e5 48. Kg2 Kf5 49. Kf3 1-0

[Event "Euro Online U2300 Day 2"]
[Site "chess.com INT"]
[Date "2020.05.26"]
[Round "4"]
[White "Olsen, Filip Boe"]
[Black "Injac, Teodora"]
[Result "1-0"]
[WhiteTitle "IM"]
[BlackTitle "WIM"]
[WhiteElo "2353"]
[BlackElo "2286"]
[WhiteFideId "1440640"]
[BlackFideId "932400"]
[EventDate "2020.05.26"]

1. d4 Nf6 2. c4 g6 3. Nc3 Bg7 4. e4 d6 5. h3 O-O 6. Nf3 Na6 7. Bg5 c6 8. Be2 e5
9. d5 h6 10. Be3 Nh5 11. g3 f5 12. exf5 gxf5 13. Nh4 f4 14. Bxh5 fxe3 15. fxe3
Qg5 16. Kd2 Qxg3 17. Ng6 Rf2+ 18. Ne2 Qg5 19. Qg1 Rg2 20. Qf1 Kh7 21. Bf3 Rxe2+
22. Bxe2 Qxg6 23. Rg1 Qf6 24. Qxf6 Bxf6 25. Raf1 Bg5 26. h4 Bxh4 27. Rf7+ Kh8
28. Rf8+ Kh7 29. Bd3+ 1-0

[Event "Euro Online U2300 Day 2"]
[Site "chess.com INT"]
[Date "2020.05.26"]
[Round "4"]
[White "Antova, Gabriela"]
[Black "Jaroch, Pawel"]
[Result "0-1"]
[WhiteTitle "FM"]
[WhiteElo "2255"]
[BlackElo "2199"]
[WhiteFideId "2915235"]
[BlackFideId "1124366"]
[EventDate "2020.05.26"]

1. e4 e6 2. d4 d5 3. Nd2 c5 4. exd5 Qxd5 5. Ngf3 cxd4 6. Bc4 Qd6 7. O-O Nc6 8.
Nb3 Nf6 9. Nbxd4 Nxd4 10. Nxd4 a6 11. Re1 Qc7 12. Bf1 Bd6 13. g3 O-O 14. Bg5 Nd5
15. c4 Ne7 16. Qe2 h6 17. Bd2 e5 18. Nf3 Nc6 19. Bc3 Re8 20. Bg2 Bg4 21. Qe4 Bd7
22. Rad1 Rad8 23. a3 f5 24. Qc2 e4 25. Nh4 Be6 26. c5 Be5 27. Ng6 Bd4 28. Nf4
Bf7 29. b4 Qe5 30. Bxd4 Nxd4 31. Qc1 Bb3 32. Rd2 g5 33. Nh3 Bf7 34. g4 Nb3 35.
Rxd8 Nxc1 36. Rxe8+ Bxe8 37. gxf5 Nd3 38. Rxe4 Qa1+ 39. Bf1 Bc6 40. Re3 Ne5 0-1

[Event "Euro Online U2300 Day 2"]
[Site "chess.com INT"]
[Date "2020.05.26"]
[Round "4"]
[White "Manukyan, Artyom"]
[Black "Maximov, Oleg"]
[Result "1-0"]
[WhiteElo "2148"]
[BlackElo "2219"]
[WhiteFideId "13305786"]
[BlackFideId "4176960"]
[EventDate "2020.05.26"]

1. e4 c5 2. Nc3 g6 3. d4 cxd4 4. Qxd4 Nf6 5. Nf3 Nc6 6. Qa4 d6 7. e5 Ng4 8. Bf4
Bg7 9. exd6 O-O 10. Be2 exd6 11. O-O Re8 12. Bb5 Bf5 13. Bg3 Nge5 14. Nxe5 dxe5
15. Rad1 Qc8 16. Nd5 Kh8 17. c3 Rd8 18. Bh4 Rd7 19. Ne7 Rxe7 20. Bxc6 Qxc6 21.
Qxc6 bxc6 22. Bxe7 h6 23. Rfe1 Kh7 24. Rd8 Rxd8 25. Bxd8 Be6 26. b3 f5 27. f3
Kg8 28. Bc7 1-0

[Event "Euro Online U2300 Day 2"]
[Site "chess.com INT"]
[Date "2020.05.26"]
[Round "4"]
[White "Klimkowski, Jan"]
[Black "Mesnyankin, Nikita"]
[Result "1-0"]
[WhiteElo "2193"]
[BlackElo "2176"]
[WhiteFideId "21856222"]
[BlackFideId "24175935"]
[EventDate "2020.05.26"]

1. e4 e5 2. Nf3 Nc6 3. Bb5 a6 4. Ba4 Nf6 5. O-O Be7 6. Re1 b5 7. Bb3 O-O 8. h3
Bb7 9. c3 d5 10. d4 exd4 11. e5 Ne4 12. cxd4 Na5 13. Bc2 c5 14. Nc3 Nxc3 15.
bxc3 Rc8 16. Qd3 g6 17. Bh6 Re8 18. e6 fxe6 19. Rxe6 Rc6 20. Rae1 Rxe6 21. Rxe6
Bf6 22. Qe3 Bc6 23. dxc5 Nc4 24. Rxe8+ Bxe8 25. Qf4 Qe7 26. Bd3 Bxc3 27. h4 Ne5
28. Nxe5 Bxe5 29. Qe3 Bf6 30. g3 Bc6 31. Qf4 d4 32. Qb8+ Qe8 33. Qxe8+ Bxe8 34.
Be4 Bd7 35. Bb7 d3 36. c6 Be6 37. c7 Bc3 38. c8=Q+ Bxc8 39. Bxc8 d2 40. Bg4 1-0

[Event "Euro Online U2300 Day 2"]
[Site "chess.com INT"]
[Date "2020.05.26"]
[Round "4"]
[White "Gombocz, Ferenc Jr."]
[Black "Bashirli, Nail"]
[Result "1-0"]
[WhiteTitle "FM"]
[BlackTitle "IM"]
[WhiteElo "2209"]
[BlackElo "2382"]
[WhiteFideId "775029"]
[BlackFideId "13406809"]
[EventDate "2020.05.26"]

1. c4 Nf6 2. g3 e5 3. Bg2 Nc6 4. Nc3 Bb4 5. Nd5 Bc5 6. e3 O-O 7. Ne2 d6 8. O-O
h6 9. d4 exd4 10. exd4 Bb6 11. Be3 Nxd5 12. Bxd5 Ne7 13. Bg2 Nf5 14. Rc1 c6 15.
c5 Bc7 16. Bd2 dxc5 17. dxc5 Be6 18. b3 Bd5 19. Bc3 Bxg2 20. Qxd8 Raxd8 21. Kxg2
Rfe8 22. Rfe1 Rd5 23. b4 Rd3 24. Kf1 Re4 25. Rcd1 Ree3 26. g4 Rxe2 27. Rxd3
Rxe1+ 28. Kxe1 Ne7 29. h3 Nd5 30. Bd2 f6 31. a4 Kf7 32. b5 Ke6 33. f3 a6 34.
bxc6 1-0

[Event "Euro Online U2300 Day 2"]
[Site "chess.com INT"]
[Date "2020.05.26"]
[Round "4"]
[White "Jeszenszky, Jozsef"]
[Black "Bruil, Rembrandt"]
[Result "1/2-1/2"]
[BlackTitle "CM"]
[WhiteElo "2099"]
[BlackElo "2105"]
[WhiteFideId "753564"]
[BlackFideId "1053590"]
[EventDate "2020.05.26"]

1. d4 d6 2. e4 g6 3. c4 Bg7 4. Nc3 c6 5. Be3 Nf6 6. f3 a6 7. Bd3 b5 8. e5 Nfd7
9. f4 bxc4 10. Bxc4 Nb6 11. Bd3 Be6 12. Nf3 Nd5 13. Nxd5 Bxd5 14. O-O O-O 15.
Ng5 Qb6 16. Nxh7 Kxh7 17. f5 Kg8 18. fxg6 fxg6 19. Rxf8+ Bxf8 20. Qg4 Qxb2 21.
Qxg6+ Bg7 22. Rf1 Qxg2+ 23. Qxg2 Bxg2 24. Kxg2 Nd7 25. Bf5 Nb6 26. Be6+ Kh7 27.
Rf7 dxe5 28. dxe5 Nd5 29. Bf2 Rf8 30. Bxd5 cxd5 31. Rxf8 Bxf8 32. Kf3 e6 33. Be3
Kg6 34. Kg4 Bh6 35. Bb6 Bd2 36. Bd4 Bc1 37. h4 Bd2 38. a3 Bc1 39. h5+ Kh7 40. a4
Bd2 41. Bc5 Bc1 42. Bb6 Bd2 43. Kf3 Kh6 44. Kg4 Bc1 45. Bf2 Bd2 1/2-1/2

[Event "Euro Online U2300 Day 2"]
[Site "chess.com INT"]
[Date "2020.05.26"]
[Round "4"]
[White "Megalios, Konstantinos"]
[Black "Hasanagic, Alim"]
[Result "1-0"]
[WhiteTitle "IM"]
[BlackTitle "CM"]
[WhiteElo "2401"]
[BlackElo "2225"]
[WhiteFideId "4238044"]
[BlackFideId "14605198"]
[EventDate "2020.05.26"]

1. Nf3 d6 2. d4 f5 3. Nc3 Nf6 4. Bg5 Nbd7 5. Qd3 g6 6. e4 fxe4 7. Nxe4 Bg7 8. g3
c6 9. Bg2 O-O 10. O-O Nxe4 11. Qxe4 Nf6 12. Qe2 h6 13. Be3 g5 14. Rae1 Bf5 15.
c3 Qd7 16. Bc1 Rae8 17. h4 g4 18. Nd2 e5 19. dxe5 Rxe5 20. Qd1 Rxe1 21. Rxe1 d5
22. Nb3 Re8 23. Rxe8+ Qxe8 24. Be3 b6 25. Nd4 Bg6 26. Qa4 c5 27. Qxe8+ Bxe8 28.
Nf5 Kf7 29. Nd6+ Ke6 30. Nxe8 Nxe8 31. Kf1 Nd6 32. Ke2 Nc4 33. Bc1 a5 34. a4 Ne5
35. h5 d4 36. Be4 dxc3 37. bxc3 Nc4 38. Kd3 Nd6 39. c4 Nf7 40. Bd5+ Ke7 41. Bf4
Nd6 42. f3 gxf3 43. Bxf3 Nf7 44. Bd5 Ng5 45. Bc7 Bd4 46. Bxb6 Bf2 47. g4 Kf6 48.
Bxa5 Ke5 49. Bc7+ Kf6 50. a5 1-0

[Event "Euro Online U2300 Day 2"]
[Site "chess.com INT"]
[Date "2020.05.26"]
[Round "4"]
[White "Alexakis, Dimitris"]
[Black "Tobak, Mikhail"]
[Result "1-0"]
[WhiteTitle "FM"]
[WhiteElo "2450"]
[BlackElo "2067"]
[WhiteFideId "4277023"]
[BlackFideId "14165570"]
[EventDate "2020.05.26"]

1. e4 Nf6 2. e5 Nd5 3. d4 d6 4. c4 Nb6 5. f4 dxe5 6. fxe5 Bf5 7. Nc3 e6 8. Be3
Nc6 9. Be2 Qd7 10. h3 O-O-O 11. Nf3 f6 12. O-O fxe5 13. Nxe5 Nxe5 14. dxe5 Qc6
15. Nb5 Qe8 16. Qb3 Kb8 17. a4 Be4 18. Nxa7 Qg6 19. Rf2 Nc8 20. Nxc8 Kxc8 21. a5
Be7 22. a6 Bh4 23. Rf3 bxa6 24. c5 Kd7 25. Rxa6 Bd5 26. Qa4+ Kc8 27. c6 1-0

[Event "Euro Online U2300 Day 2"]
[Site "chess.com INT"]
[Date "2020.05.26"]
[Round "4"]
[White "Potapova, Margarita"]
[Black "Samaridis, Konstantinos"]
[Result "1-0"]
[WhiteTitle "WIM"]
[WhiteElo "2270"]
[BlackElo "2105"]
[WhiteFideId "14126869"]
[BlackFideId "4262867"]
[EventDate "2020.05.26"]

1. d4 Nf6 2. c4 e6 3. Nf3 d5 4. Nc3 dxc4 5. e4 Bb4 6. Bxc4 Nxe4 7. O-O Nxc3 8.
bxc3 Be7 9. Qe2 O-O 10. Bd3 Nd7 11. Rd1 Nf6 12. Bf4 Nd5 13. Bd2 h6 14. c4 Nb4
15. Bb1 Bd7 16. a3 Nc6 17. d5 exd5 18. cxd5 Nb8 19. Qd3 f5 20. Ba2 Bd6 21. Nd4
Qf6 22. Bc3 Qh4 23. g3 Qe4 24. Qd2 f4 25. Re1 Qg6 26. Ne6 Rf7 27. Rac1 Na6 28.
Bb1 Qh5 29. Qd3 g5 30. Qd4 Re7 31. Qh8+ Kf7 32. Qg7+ Ke8 33. Qg8# 1-0

[Event "Euro Online U2300 Day 2"]
[Site "chess.com INT"]
[Date "2020.05.26"]
[Round "4"]
[White "Werle, Iozefina"]
[Black "Papakonstantinou, Dimitrios1"]
[Result "0-1"]
[WhiteTitle "WGM"]
[WhiteElo "2300"]
[BlackElo "2250"]
[WhiteFideId "1213261"]
[BlackFideId "4218655"]
[EventDate "2020.05.26"]

1. e4 e5 2. Nf3 Nc6 3. Bb5 a6 4. Ba4 Nf6 5. O-O b5 6. Bb3 Bc5 7. Re1 O-O 8. c3
d6 9. d4 Bb6 10. h3 h6 11. a4 Bb7 12. d5 Ne7 13. axb5 axb5 14. Rxa8 Bxa8 15. Qd3
c6 16. dxc6 Bxc6 17. Nbd2 Ng6 18. Bc2 Nf4 19. Qf1 N6h5 20. Kh2 Bd7 21. Rd1 Be6
22. Bb3 Qa8 23. Bxe6 fxe6 24. g3 Ng6 25. Kg2 d5 26. exd5 exd5 27. Qxb5 Ba7 28.
Nf1 d4 29. Qb3+ Kh8 30. cxd4 e4 31. Ne5 Nxe5 32. dxe5 Rxf2+ 33. Kh1 e3+ 34. Qd5
Rxf1+ 35. Kh2 Qxd5 36. Rxd5 Rxc1 37. e6 Nf6 38. Rd8+ Kh7 39. e7 e2 40. e8=Q Nxe8
41. Rxe8 e1=Q 42. Rxe1 Rxe1 0-1

[Event "Euro Online U2300 Day 2"]
[Site "chess.com INT"]
[Date "2020.05.26"]
[Round "4"]
[White "Burdalev, Kirill"]
[Black "Guliev, Logman"]
[Result "1-0"]
[WhiteTitle "FM"]
[BlackTitle "IM"]
[WhiteElo "2394"]
[BlackElo "2273"]
[WhiteFideId "14121913"]
[BlackFideId "13400061"]
[EventDate "2020.05.26"]

1. d4 Nf6 2. Nf3 e6 3. Bf4 d5 4. e3 Bd6 5. Bg3 Ne4 6. Bxd6 Qxd6 7. Nbd2 Nxd2 8.
Qxd2 c5 9. c3 Nc6 10. Bb5 O-O 11. O-O Ne7 12. Rfe1 Bd7 13. dxc5 Qc7 14. Bxd7
Qxd7 15. b4 a5 16. e4 Qc7 17. e5 Nc6 18. a3 f6 19. exf6 Rxf6 20. Ng5 Ne5 21. Qd4
Nc6 22. Qd3 Rh6 23. h3 Re8 24. Qxd5 Qe7 25. Qd2 Qf6 26. Ne4 Qg6 27. Qg5 axb4 28.
axb4 Qxg5 29. Nxg5 Rg6 30. Ne4 Ne5 31. Red1 Rf8 32. Kf1 h6 33. Ra7 Rf4 34. Rd8+
Kh7 35. f3 Nxf3 36. gxf3 Rxf3+ 37. Ke2 Rxh3 38. Rf8 Rg4 39. Nf2 Rc4 40. Nxh3 1-0

[Event "Euro Online U2300 Day 2"]
[Site "chess.com INT"]
[Date "2020.05.26"]
[Round "4"]
[White "Petrova, Irina"]
[Black "Pankratov, Oleg"]
[Result "0-1"]
[WhiteTitle "WIM"]
[WhiteElo "2087"]
[BlackElo "2104"]
[WhiteFideId "14124122"]
[BlackFideId "24115290"]
[EventDate "2020.05.26"]

1. d4 Nf6 2. Bg5 e6 3. Nc3 h6 4. Bxf6 Qxf6 5. e4 d6 6. Qd2 g5 7. O-O-O a6 8. e5
Qe7 9. h4 g4 10. f4 d5 11. f5 c5 12. fxe6 fxe6 13. Bd3 h5 14. Bg6+ Kd8 15. Nge2
Bd7 16. Kb1 Bh6 17. Nf4 cxd4 18. Qxd4 Nc6 19. Qb6+ Kc8 20. Nd3 Bf8 21. Na4 Qd8
22. Qb3 b5 23. Nac5 Rh6 24. Bf7 Bxc5 25. Nxc5 Qe7 26. Qe3 Rh8 27. Rhf1 d4 28.
Qb3 Qxc5 29. Bxe6 Ra7 30. Bxd7+ Rxd7 31. e6 Re7 32. Rf7 Rhe8 33. Qg3 Kb7 34.
Rdf1 Qd5 35. Qe1 Kb6 36. a4 Rxf7 37. Rxf7 Qxe6 38. Qxe6 Rxe6 39. axb5 axb5 40.
Rf5 Re5 41. Rf2 Kc5 42. Kc1 Kd5 43. Kd2 Ne7 44. Rf8 Nf5 45. Rb8 Ke4 46. b4 Nxh4
47. g3 Nf5 0-1

[Event "Euro Online U2300 Day 2"]
[Site "chess.com INT"]
[Date "2020.05.26"]
[Round "4"]
[White "Doric, Nenad"]
[Black "Grebnev, Aleksey"]
[Result "1-0"]
[WhiteTitle "IM"]
[WhiteElo "2249"]
[BlackElo "2223"]
[WhiteFideId "14501694"]
[BlackFideId "34189030"]
[EventDate "2020.05.26"]

1. e4 e6 2. d4 d5 3. Nd2 Be7 4. Bd3 c5 5. dxc5 Bxc5 6. Ngf3 Nc6 7. c3 Nf6 8. Qe2
O-O 9. O-O e5 10. exd5 Qxd5 11. Ne4 Be7 12. Rd1 Qa5 13. Nxf6+ Bxf6 14. Bg5 Bxg5
15. Nxg5 g6 16. Bc4 Qc7 17. Ne4 Kg7 18. Nd6 a6 19. Bxf7 Bd7 20. Bb3 Rad8 21. Ne4
Bf5 22. Ng5 Qe7 23. Ne4 Rxd1+ 24. Rxd1 Rd8 25. Rxd8 Qxd8 26. Ng3 Qg5 27. Qe3
Qxe3 28. fxe3 Bd3 29. Bd5 Nd8 30. Ne4 b6 31. Kf2 Bxe4 32. Bxe4 Ne6 33. b4 Kf6
34. Ke2 Ke7 35. Kd3 Kd6 36. h4 Nf8 37. Bb7 a5 38. Kc4 axb4 39. cxb4 Nd7 40. a4
Kc7 41. Bd5 Nf6 42. a5 bxa5 43. bxa5 h6 44. Kc5 Kb8 45. Kd6 Ng4 46. a6 Ka7 47.
Bb7 g5 48. h5 Nf6 49. Kxe5 Nxh5 50. Kf5 Ng3+ 51. Kg6 Kb6 52. e4 g4 53. e5 Ne2
54. Kxh6 Nf4 55. Kg5 Ne6+ 56. Kxg4 Kc7 57. Kf5 Nd4+ 58. Kf6 Nb5 59. g4 Kd8 60.
g5 Na7 61. g6 Kd7 62. g7 Nb5 63. g8=Q Kc7 64. Qc8+ Kb6 65. Qc6+ Ka5 66. Qxb5+
Kxb5 67. a7 Kc5 68. a8=Q Kd4 69. e6 Ke3 70. e7 Kf4 71. e8=Q Kg3 72. Qe3+ Kh4 73.
Qa4+ Kh5 74. Qe5+ Kh6 75. Qh4# 1-0

[Event "Euro Online U2300 Day 2"]
[Site "chess.com INT"]
[Date "2020.05.26"]
[Round "4"]
[White "Thorsbro, Peter"]
[Black "Spyropoulos, Nikolaos"]
[Result "0-1"]
[BlackTitle "FM"]
[WhiteElo "2144"]
[BlackElo "2403"]
[WhiteFideId "1406671"]
[BlackFideId "4298977"]
[EventDate "2020.05.26"]

1. d4 Nf6 2. c4 e6 3. Nf3 Bb4+ 4. Bd2 a5 5. g3 d6 6. Bg2 Nbd7 7. O-O e5 8. Nc3
O-O 9. a3 Bxc3 10. Bxc3 e4 11. Nd2 d5 12. cxd5 Re8 13. e3 Nb6 14. Qc2 Bf5 15.
Rac1 Qd7 16. b4 axb4 17. Bxb4 Nbxd5 18. Nc4 Bh3 19. Ne5 Qf5 20. Qe2 h5 21. Rc5
b6 22. Rc6 Re6 23. Rfc1 Rxc6 24. Nxc6 Bg4 25. Qb5 Bf3 26. a4 Bxg2 27. Kxg2 Ng4
28. Qe2 Rxa4 29. Be1 Ngf6 30. h3 Ra8 31. Bb4 Nd7 32. Ne7+ Nxe7 33. Bxe7 Qe6 34.
Bb4 Ra2 35. Rc2 Rxc2 36. Qxc2 c6 37. Qa4 b5 38. Qa8+ Kh7 39. Qc8 Nf6 40. Qd8 Nd5
41. Bc5 Qf5 42. Qd6 Qe6 43. Qd8 Qf6 44. Qd7 Qf3+ 45. Kg1 Nc3 46. Qd6 Ne2+ 47.
Kf1 Nc1 48. Qf4 Qxf4 49. gxf4 Kg6 50. Bd6 Kf5 51. Ke1 Nd3+ 52. Ke2 Ke6 53. Bf8
g6 54. f3 f5 55. fxe4 fxe4 56. h4 Kd5 57. Kd2 Kc4 58. Kc2 b4 59. Bd6 b3+ 60. Kb1
Nf2 61. f5 gxf5 62. Bf4 Kc3 63. Bg5 Ng4 64. Bf4 Kd3 65. Kb2 Nxe3 66. Kxb3 Kxd4 0-1

[Event "Euro Online U2300 Day 2"]
[Site "chess.com INT"]
[Date "2020.05.26"]
[Round "4"]
[White "Mammadov, Sadig"]
[Black "Sargissyan, Sargis"]
[Result "1-0"]
[WhiteTitle "FM"]
[BlackTitle "FM"]
[WhiteElo "2237"]
[BlackElo "2269"]
[WhiteFideId "13408712"]
[BlackFideId "13303210"]
[EventDate "2020.05.26"]

1. d4 Nf6 2. c4 g6 3. g3 Bg7 4. Bg2 O-O 5. Nc3 d6 6. e4 Nbd7 7. Nge2 e5 8. O-O
exd4 9. Nxd4 Re8 10. Re1 Nc5 11. h3 Bd7 12. Rb1 Ne6 13. Nc2 Bc6 14. b4 a5 15. a3
axb4 16. axb4 h6 17. Bb2 Ng5 18. h4 Ne6 19. Qd2 Ng4 20. Rbd1 Ne5 21. Qe2 Ba4 22.
Nxa4 Rxa4 23. f4 Nf3+ 24. Qxf3 Bxb2 25. Qb3 Qa8 26. Qxb2 Qa7+ 27. Kh2 Qf2 28.
Rf1 Qe2 29. Qc3 g5 30. f5 Ng7 31. Nd4 Qh5 32. Bf3 g4 33. Bg2 Rea8 34. Ra1 f6 35.
Rxa4 Rxa4 36. Ra1 Qe8 37. Nb5 Rxa1 38. Qxa1 Qc6 39. Qc3 Nh5 40. e5 Qb6 41. Qd4
fxe5 42. Qxg4+ 1-0

[Event "Euro Online U2300 Day 2"]
[Site "chess.com INT"]
[Date "2020.05.26"]
[Round "4"]
[White "Nikac, Predrag"]
[Black "Peycheva, Gergana"]
[Result "1/2-1/2"]
[WhiteTitle "IM"]
[BlackTitle "FM"]
[WhiteElo "2313"]
[BlackElo "2255"]
[WhiteFideId "908975"]
[BlackFideId "2916711"]
[EventDate "2020.05.26"]

1. d4 Nf6 2. Nc3 d5 3. Bf4 e6 4. e3 Bb4 5. g4 Ne4 6. Ne2 c5 7. Bg2 Nxc3 8. bxc3
Ba5 9. e4 Nc6 10. exd5 exd5 11. h3 cxd4 12. O-O dxc3 13. Qxd5 O-O 14. Qxd8 Nxd8
15. Rfd1 Be6 16. Be3 a6 17. Nf4 Rb8 18. Bc5 Re8 19. Bd6 Rc8 20. a4 Bc4 21. Bf3
Bc7 22. Bxc7 Rxc7 23. Ra3 Be6 24. Rd3 Rc4 25. Nxe6 Nxe6 26. Bd5 Rb4 27. Bxe6
fxe6 28. Rdxc3 Rf8 29. Kg2 h6 30. Rc7 Rf7 31. Rxf7 Kxf7 32. Rb3 Rxa4 33. Rxb7+
Kf6 34. Kg3 Ra2 35. Ra7 Rxc2 36. Rxa6 1/2-1/2

[Event "Euro Online U2300 Day 2"]
[Site "chess.com INT"]
[Date "2020.05.26"]
[Round "4"]
[White "Hansch, Karsten"]
[Black "Randazzo, Adrian"]
[Result "0-1"]
[WhiteTitle "FM"]
[BlackTitle "FM"]
[WhiteElo "2300"]
[BlackElo "2293"]
[WhiteFideId "24692239"]
[BlackFideId "114251"]
[EventDate "2020.05.26"]

1. e4 c5 2. Nf3 d6 3. Bb5+ Bd7 4. Bxd7+ Nxd7 5. c4 Ngf6 6. Nc3 Rc8 7. O-O g6 8.
d3 Bg7 9. a3 O-O 10. Rb1 Ne5 11. Bg5 h6 12. Nxe5 hxg5 13. Nf3 g4 14. Nd2 Qd7 15.
Nd5 Nh5 16. Re1 Bd4 17. Nb3 Be5 18. Rf1 f5 19. f4 Bg7 20. Qe2 e6 21. Nc3 Rce8
22. Rbe1 b6 23. g3 Bf6 24. Nb5 a6 25. Nxd6 Qxd6 26. e5 Bxe5 27. fxe5 Qd7 28. Qe3
Rd8 29. Rd1 a5 30. Nc1 Qd4 31. Qxd4 Rxd4 32. Ne2 Rd7 33. Kf2 Kf7 34. Ke3 g5 35.
Nc3 Kg6 36. Ne4 f4+ 37. Ke2 Kf5 38. gxf4 gxf4 39. Ng3+ Nxg3+ 40. hxg3 f3+ 41.
Ke3 Kxe5 42. Rh1 Rf5 43. Rh4 Rd4 44. Rf1 Kf6 45. Rh8 Re5+ 46. Kd2 Re2+ 47. Kc3
Rg2 48. Rb8 Rd6 49. Rh1 Rxg3 50. Rf8+ Kg5 51. Rhh8 Rg2 52. b4 axb4+ 53. axb4
cxb4+ 54. Kxb4 Rxd3 55. Kb5 Rb3+ 56. Kc6 f2 57. Kd6 Rf3 58. Ke5 Rxf8 59. Rxf8 g3 0-1

[Event "Euro Online U2300 Day 2"]
[Site "chess.com INT"]
[Date "2020.05.26"]
[Round "4"]
[White "Laptii, Nazar"]
[Black "Kalogeris, Ioannis"]
[Result "0-1"]
[BlackTitle "FM"]
[WhiteElo "2180"]
[BlackElo "2312"]
[WhiteFideId "14174332"]
[BlackFideId "4239563"]
[EventDate "2020.05.26"]

1. e4 e5 2. Nc3 Nc6 3. g3 Bc5 4. Bg2 d6 5. Nge2 h5 6. h3 h4 7. g4 g5 8. Na4 Be6
9. Nxc5 dxc5 10. d3 f6 11. Be3 Qd6 12. Nc3 Nd4 13. Nb1 O-O-O 14. Bf1 Qb6 15. b3
Ne7 16. c3 Qa5 17. b4 cxb4 18. cxd4 b3+ 19. Bd2 b2 20. Bxa5 bxa1=Q 21. d5 Qxa2
22. Bb4 Nxd5 23. exd5 Bxd5 24. Rg1 Bf3 25. Nc3 Qb2 26. Qb1 Qxb1+ 27. Nxb1 Rhe8
28. Bc3 c5 29. Nd2 e4 30. Nxf3 exf3+ 31. Kd2 Rd4 32. Bxd4 cxd4 33. Kd1 b5 34.
Bg2 fxg2 35. Rxg2 Kc7 36. Kd2 a5 37. Rg1 Kb6 38. f4 a4 39. fxg5 fxg5 40. Rf1 Re3
41. Rf5 Rxh3 42. Rxg5 Rh2+ 43. Kc1 a3 44. Kb1 b4 45. Rg6+ Kc7 46. Rg7+ Kc6 47.
Rg6+ Kb5 48. Rg5+ Ka4 49. Rg8 Kb3 0-1

[Event "Euro Online U2300 Day 2"]
[Site "chess.com INT"]
[Date "2020.05.26"]
[Round "4"]
[White "Bivol, Alina"]
[Black "Podetti, Davide"]
[Result "0-1"]
[WhiteTitle "WGM"]
[WhiteElo "2386"]
[BlackElo "2173"]
[WhiteFideId "4100123"]
[BlackFideId "893617"]
[EventDate "2020.05.26"]

1. Nf3 d5 2. g3 Nf6 3. Bg2 e6 4. c4 dxc4 5. Qa4+ Nbd7 6. Qxc4 a6 7. Qc2 c5 8. a4
Be7 9. O-O O-O 10. Nc3 Re8 11. d4 cxd4 12. Nxd4 Bc5 13. Nb3 Bb4 14. Rd1 Qe7 15.
Bf4 e5 16. Bg5 h6 17. Nd5 Qf8 18. Bxf6 Nxf6 19. Nc7 Be6 20. Nxa8 Rxa8 21. Nd2
Qe7 22. Ne4 Rc8 23. Nxf6+ Qxf6 24. Qe4 Bc5 25. e3 b6 26. Rac1 a5 27. Qb7 Rf8 28.
Rd2 Qg5 29. h4 Qf6 30. Qf3 Qe7 31. Bf1 Bb4 32. Rdc2 Bc5 33. Bc4 Bd7 34. Bb3 g6
35. Rd2 Kg7 36. Rcd1 Bf5 37. Kh2 h5 38. Rc1 Bg4 39. Qe4 f5 40. Qc4 f4 41. exf4
exf4 42. Qc3+ Kh7 43. Qd3 fxg3+ 44. fxg3 Rf3 45. Qd5 Qf6 46. Rg2 Qxh4+ 0-1